UM Logo

Computer world. (Record no. 7691)

MARC details
000 -LEADER
fixed length control field 00560nam a2200157 4500
008 - FIXED-LENGTH DATA ELEMENTS--GENERAL INFORMATION
fixed length control field 171109b xxu||||| |||| 00| 0 eng d
022 ## - INTERNATIONAL STANDARD SERIAL NUMBER
International Standard Serial Number 0117-3308
082 ## - DEWEY DECIMAL CLASSIFICATION NUMBER
Edition number Sept 2010 - April 2011 v. 20 n. 3-9
Classification number DPer 004.1105
Item number C73
245 ## - TITLE STATEMENT
Title Computer world.
260 ## - PUBLICATION, DISTRIBUTION, ETC. (IMPRINT)
Place of publication, distribution, etc. Philippines:
Name of publisher, distributor, etc. Schneider Electric,
Date of publication, distribution, etc. 2010-2011.
300 ## - PHYSICAL DESCRIPTION
Extent 1(various paging):
Other physical details color illustrations;
Dimensions 27 cm.
650 #0 - SUBJECT ADDED ENTRY--TOPICAL TERM
9 (RLIN) 23153
Topical term or geographic name as entry element Computers -- Periodicals.
650 #0 - SUBJECT ADDED ENTRY--TOPICAL TERM
9 (RLIN) 23154
Topical term or geographic name as entry element Computer industry -- Periodicals.
650 #0 - SUBJECT ADDED ENTRY--TOPICAL TERM
9 (RLIN) 23155
Topical term or geographic name as entry element Electronic data processing -- Periodicals.
942 ## - ADDED ENTRY ELEMENTS (KOHA)
Source of classification or shelving scheme Dewey Decimal Classification
Koha item type Periodicals
Holdings
Withdrawn status Lost status Source of classification or shelving scheme Materials specified (bound volume or other part) Damaged status Not for loan Collection code Home library Current library Source of acquisition Total Checkouts Full call number Barcode Date last seen Copy number Price effective from Koha item type Public note
    Dewey Decimal Classification Vol. 20 No. 3-9     Periodicals UM Digos College - LIC UM Digos College - LIC Purchased   DPer 004.1105 C73 Sept. 2010 - April 2011 v. 20 n. 3-9 00102 06/08/2021 1 11/09/2017 Periodicals Bound Periodicals